Avatar: The Last Airbender Franchise - Statistics

General Stats
  • This quiz has been taken 81 times
  • The average score is 16 of 78
Answer Stats
Type Year Name Info % Correct
Video Game 2006 Avatar: The Last Airbender THQ
98%
Toy Set 2006 Lego Avatar: The Last Airbender Lego
98%
TV Show 2005-2008 Avatar: The Last Airbender Nickelodeon
97%
Comic Series 2005-2006 Avatar: The Last Airbender TOKYOPOP
97%
Web Series TBA Avatar: The Last Airbender Netflix
97%
TV Show 2012-2014 The Legend of Korra Nickelodeon / Nick.com
88%
Video Game 2014 The Legend of Korra Activision
88%
Art Book 2013 The Legend of Korra Book One: Air - The Art of the Animated Series Dark Horse Comics
62%
Children's Novel 2007 The Lost Scrolls: Air Tom Mason / Dan Danko
62%
Comic Mini-Series 2013 Avatar: The Last Airbender - The Search Dark Horse Comics
50%
Children's Novel 2010 The Last Airbender Novelization Michael Teitelbaum
45%
Film 2010 The Last Airbender Paramount
44%
Graphic Novel 2010 The Last Airbender Del Ray Books
44%
Video Game 2010 The Last Airbender THQ
44%
Comic Mini-Series 2012 Avatar: The Last Airbender - The Promise Dark Horse Comics
41%
Comic Mini-Series 2016-2017 Avatar: The Last Airbender - North and South Dark Horse Comics
32%
Comic Mini-Series 2014 Avatar: The Last Airbender - The Rift Dark Horse Comics
32%
Comic Mini-Series 2015-2016 Avatar: The Last Airbender - Smoke and Shadow Dark Horse Comics
30%
Young Adult Novel 2019 Avatar: The Last Airbender - The Rise of Kyoshi F.C. Yee / Michael Dante DiMartino
27%
Children's Novel 2006 The Lost Scrolls: Fire Tom Mason / Dan Danko
26%
Art Book 2015 The Legend of Korra Book Four: Balance - The Art of the Animated Series Dark Horse Comics
24%
Children's Novel 2007 The Lost Scrolls: Earth Michael Teitelbaum
24%
Children's Novel 2006 The Lost Scrolls: Water Michael Teitelbaum
24%
Comic Mini-Series 2018-2019 Avatar: The Last Airbender - Imbalance Dark Horse Comics
21%
Comic Mini-Series 2017-2018 The Legend of Korra: Turf Wars Dark Horse Comics
17%
Graphic Novel Anthology 2011 Avatar: The Last Airbender - The Lost Adventures Dark Horse Comics
15%
Art Book 2014 The Legend of Korra Book Two: Spirits - The Art of the Animated Series Dark Horse Comics
15%
Collectible Card Game 2006 Avatar: The Last Airbender Trading Card Game Upper Deck Entertainment
12%
Illustrated Fiction Book 2015 Avatar: The Last Airbender: Legacy Michael Teitelbaum
11%
Graphic Novel Anthology 2019 Avatar: The Last Airbender - Team Avatar Tales Dark Horse Comics
11%
Comic Mini-Series 2019-2020 The Legend of Korra: Ruins of the Empire Dark Horse Comics
11%
Art Book 2010 Avatar: The Last Airbender - The Art of the Animated Series Dark Horse Comics
9%
Video Game 2008 Avatar: The Last Airbender - Into the Inferno THQ
8%
Comic Short 2015 Sisters Dark Horse Comics
8%
Children's Novel 2008 Sozin's Comet: The Final Battle David Bergantino
8%
Art Book 2015 The Legend of Korra Book Three: Change - The Art of the Animated Series Dark Horse Comics
8%
Comic Short 2013 Rebound Dark Horse Comics
6%
Web Series 2013 Republic City Hustle Nick.com
6%
Comic Short 2014 Shells Dark Horse Comics
6%
Graphic Novel 2010 The Last Airbender Prequel: Zuko's Story Del Ray Books
6%
Children's Novel 2010 Aang's Destiny Emily Sollinger
5%
Illustrated Fiction Book 2020 Avatar: The Last Airbender: Legacy of The Fire Nation Joshua Pruett
5%
Video Game 2007 Avatar: The Last Airbender - The Burning Earth THQ
5%
Children's Novel 2010 Battle of the North Brian James
5%
Young Adult Novel 2013 Endgame Erica David
5%
Comic Short 2018 Lost Pets Dark Horse Comics
5%
Children's Novel 2008 Love Potion #8 Molly Reisner
5%
Young Adult Novel 2013 Revolution Erica David
5%
Children's Novel 2010 The Avatar's Return Irene Kilpatrick
5%
Illustrated Fiction Book 2019 The Legend of Korra: An Avatar's Chronicle Andrea Robinson
5%
Video Game 2014 The Legend of Korra: A New Era Begins Activision
5%
Children's Novel 2008 Aang's School Days Michael Teitelbaum
3%
Video Game 2008 Avatar: Legends of the Arena Nickelodeon
3%
Art Book 2016 Avatar: The Last Airbender Coloring Book Dark Horse Comics
3%
Art Book 2007 Avatar: The Last Airbender Drawing Book and Kit Shane Johnson
3%
Art Book 2015 Avatar: The Last Airbender - The Poster Collection Dark Horse Comics
3%
Quiz Book 2008 Brainbenders from the Four Nations Sherry Gerstein
3%
Comic Short 2016 Friends for Life Dark Horse Comics
3%
Art Book 2007 How to Draw Avatar: The Last Airbender Shane Johnson
3%
Art Book 2014 How to Draw The Legend of Korra Walter Foster Publishing
3%
Quiz Book 2008 Mindbenders and Brainbusters: The Ultimate Avatar Challenge Michael Teitelbaum
3%
Comic Short 2011 Relics Dark Horse Comics
3%
Children's Novel 2008 Sokka, the Sword Master Sherry Gerstein
3%
Art Book 2017 The Legend of Korra Coloring Book Dark Horse Comics
3%
Art Book 2016 The Legend of Korra - The Poster Collection Dark Horse Comics
3%
Children's Novel 2007 The Tale of Aang Michael Teitelbaum
3%
Children's Novel 2007 The Tale of Azula Michael Teitelbaum
3%
Children's Novel 2007 The Tale of Sokka Michael Teitelbaum
3%
Children's Novel 2007 The Tale of Toph Michael Teitelbaum
3%
Children's Novel 2008 The Tale of Zuko Michael Teitelbaum
3%
Companion Book 2007 The Ultimate Pocket Guide Tom Mason / Dan Danko
3%
Children's Novel 2010 Trial by Fire Michael Teitelbaum
3%
Theme Park Attraction 2008-Present Avatar Airbender Nickelodeon Universe
2%
3D Book 2008 Battle of the Benders Random House Children's Books
2%
Omnibus 2010 Journeys Through the Earth Kingdom Michael Teitelbaum
2%
E-Book 2013 The Legend of Korra: Enhanced Experience Nickelodeon
2%
Omnibus 2009 The Lost Scrolls Collection Michael Teitelbaum / Tom Mason / Dan Danko
2%
Children's Novel 2008 The Take of Katara Michael Teitelbaum
2%
No matching quizzes found
Score Distribution
Percent of People with Each Score
Percentile by Number Answered
Your Score History
You have not taken this quiz